<?xml version="1.0" encoding="UTF-8"?>
<record
    xmlns:xsi="http://www.w3.org/2001/XMLSchema-instance"
    xsi:schemaLocation="http://www.loc.gov/MARC21/slim http://www.loc.gov/standards/marcxml/schema/MARC21slim.xsd"
    xmlns="http://www.loc.gov/MARC21/slim">

  <leader>00758nam a2200229Ia 4500</leader>
  <controlfield tag="005">20231106145652.0</controlfield>
  <controlfield tag="008">220701s9999    xx            000 0 ZUL d</controlfield>
  <datafield tag="020" ind1=" " ind2=" ">
    <subfield code="a">9780796033376</subfield>
    <subfield code="q">pbk</subfield>
  </datafield>
  <datafield tag="040" ind1=" " ind2=" ">
    <subfield code="a">RDA</subfield>
    <subfield code="c">3228</subfield>
  </datafield>
  <datafield tag="082" ind1=" " ind2=" ">
    <subfield code="a">ZUL 896.398622 VILA</subfield>
  </datafield>
  <datafield tag="100" ind1=" " ind2=" ">
    <subfield code="a">Vilakazi, Petros B.</subfield>
  </datafield>
  <datafield tag="245" ind1=" " ind2="0">
    <subfield code="a">Kawumbiwa ndawonye, IsiZulu drama /</subfield>
  </datafield>
  <datafield tag="250" ind1=" " ind2=" ">
    <subfield code="a">First edition</subfield>
  </datafield>
  <datafield tag="260" ind1=" " ind2=" ">
    <subfield code="a">Pietermaritzburg;</subfield>
    <subfield code="b">Shuter &amp; Shooter Publishers (Pty) Ltd;</subfield>
    <subfield code="c">2009.</subfield>
  </datafield>
  <datafield tag="300" ind1=" " ind2=" ">
    <subfield code="a">v, 110 pages;</subfield>
    <subfield code="b">colour illustrations;</subfield>
    <subfield code="c">21 cm.</subfield>
  </datafield>
  <datafield tag="500" ind1=" " ind2=" ">
    <subfield code="a">This is an IsiZulu drama.</subfield>
  </datafield>
  <datafield tag="521" ind1=" " ind2=" ">
    <subfield code="b">title of the book</subfield>
  </datafield>
  <datafield tag="650" ind1=" " ind2=" ">
    <subfield code="a">Zulu drama</subfield>
    <subfield code="z">Pietermaritzburg</subfield>
    <subfield code="9">183676</subfield>
  </datafield>
  <datafield tag="700" ind1=" " ind2=" ">
    <subfield code="a">Richards, L.</subfield>
    <subfield code="e">illustrator</subfield>
    <subfield code="9">183965</subfield>
  </datafield>
  <datafield tag="942" ind1=" " ind2=" ">
    <subfield code="w">561</subfield>
    <subfield code="x">John Tresidder</subfield>
    <subfield code="y">378</subfield>
    <subfield code="z">Patrick Mahlalela</subfield>
  </datafield>
  <datafield tag="942" ind1=" " ind2=" ">
    <subfield code="c">BOOK</subfield>
    <subfield code="2">ddc</subfield>
  </datafield>
  <datafield tag="999" ind1=" " ind2=" ">
    <subfield code="c">703832</subfield>
    <subfield code="d">703832</subfield>
  </datafield>
  <datafield tag="952" ind1=" " ind2=" ">
    <subfield code="0">0</subfield>
    <subfield code="1">0</subfield>
    <subfield code="4">0</subfield>
    <subfield code="7">0</subfield>
    <subfield code="a">CHROL</subfield>
    <subfield code="b">CHROL</subfield>
    <subfield code="d">2022-07-04</subfield>
    <subfield code="g">69.19</subfield>
    <subfield code="l">0</subfield>
    <subfield code="p">3390900074825</subfield>
    <subfield code="r">2022-07-04</subfield>
    <subfield code="w">2022-07-04</subfield>
    <subfield code="y">BK</subfield>
    <subfield code="z">461/14</subfield>
  </datafield>
  <datafield tag="952" ind1=" " ind2=" ">
    <subfield code="0">0</subfield>
    <subfield code="1">0</subfield>
    <subfield code="2">ddc</subfield>
    <subfield code="4">0</subfield>
    <subfield code="7">0</subfield>
    <subfield code="8">800</subfield>
    <subfield code="a">STANRL</subfield>
    <subfield code="b">EMBAL</subfield>
    <subfield code="c">GEN</subfield>
    <subfield code="d">2023-11-06</subfield>
    <subfield code="g">75.50</subfield>
    <subfield code="l">0</subfield>
    <subfield code="o">ZUL 896.398622 VILA</subfield>
    <subfield code="p">33228031013140</subfield>
    <subfield code="r">2023-11-06</subfield>
    <subfield code="w">2023-11-06</subfield>
    <subfield code="y">BOOK</subfield>
  </datafield>
  <datafield tag="952" ind1=" " ind2=" ">
    <subfield code="0">0</subfield>
    <subfield code="1">0</subfield>
    <subfield code="2">ddc</subfield>
    <subfield code="4">0</subfield>
    <subfield code="7">0</subfield>
    <subfield code="8">800</subfield>
    <subfield code="a">STANRL</subfield>
    <subfield code="b">SECL</subfield>
    <subfield code="c">GEN</subfield>
    <subfield code="d">2023-11-22</subfield>
    <subfield code="g">75.50</subfield>
    <subfield code="l">0</subfield>
    <subfield code="o">ZUL 896.398622 VILA</subfield>
    <subfield code="p">33228031153586</subfield>
    <subfield code="r">2023-11-22</subfield>
    <subfield code="w">2023-11-22</subfield>
    <subfield code="y">BOOK</subfield>
  </datafield>
  <datafield tag="952" ind1=" " ind2=" ">
    <subfield code="0">0</subfield>
    <subfield code="1">0</subfield>
    <subfield code="2">ddc</subfield>
    <subfield code="4">0</subfield>
    <subfield code="7">0</subfield>
    <subfield code="8">800</subfield>
    <subfield code="a">ERMEL</subfield>
    <subfield code="b">KHULL</subfield>
    <subfield code="c">GEN</subfield>
    <subfield code="d">2024-01-31</subfield>
    <subfield code="g">75.50</subfield>
    <subfield code="l">0</subfield>
    <subfield code="o">ZUL 896.398622 VILA</subfield>
    <subfield code="p">3322803176588</subfield>
    <subfield code="r">2024-01-31</subfield>
    <subfield code="w">2024-01-31</subfield>
    <subfield code="y">BOOK</subfield>
  </datafield>
  <datafield tag="952" ind1=" " ind2=" ">
    <subfield code="0">0</subfield>
    <subfield code="1">0</subfield>
    <subfield code="2">ddc</subfield>
    <subfield code="4">0</subfield>
    <subfield code="7">0</subfield>
    <subfield code="8">800</subfield>
    <subfield code="a">THUSL</subfield>
    <subfield code="b">THUSL</subfield>
    <subfield code="c">GEN</subfield>
    <subfield code="d">2025-03-12</subfield>
    <subfield code="l">0</subfield>
    <subfield code="o">ZUL 896.398622 VILA</subfield>
    <subfield code="p">3322803174166</subfield>
    <subfield code="r">2025-03-12</subfield>
    <subfield code="w">2025-03-12</subfield>
    <subfield code="y">BOOK</subfield>
  </datafield>
  <datafield tag="952" ind1=" " ind2=" ">
    <subfield code="0">0</subfield>
    <subfield code="1">0</subfield>
    <subfield code="2">ddc</subfield>
    <subfield code="4">0</subfield>
    <subfield code="7">0</subfield>
    <subfield code="8">800</subfield>
    <subfield code="a">THANPL</subfield>
    <subfield code="b">THANPL</subfield>
    <subfield code="c">GEN</subfield>
    <subfield code="d">2025-03-27</subfield>
    <subfield code="g">94.95</subfield>
    <subfield code="l">0</subfield>
    <subfield code="o">ZUL 896.398622 VILA</subfield>
    <subfield code="p">3322803174540</subfield>
    <subfield code="r">2025-03-27</subfield>
    <subfield code="w">2025-03-27</subfield>
    <subfield code="y">BOOK</subfield>
  </datafield>
  <datafield tag="952" ind1=" " ind2=" ">
    <subfield code="0">0</subfield>
    <subfield code="1">0</subfield>
    <subfield code="2">ddc</subfield>
    <subfield code="4">0</subfield>
    <subfield code="7">0</subfield>
    <subfield code="8">800</subfield>
    <subfield code="a">THANPL</subfield>
    <subfield code="b">THANPL</subfield>
    <subfield code="c">GEN</subfield>
    <subfield code="d">2025-03-27</subfield>
    <subfield code="g">94.95</subfield>
    <subfield code="l">0</subfield>
    <subfield code="o">ZUL 896.398622 VILA</subfield>
    <subfield code="p">3322803174541</subfield>
    <subfield code="r">2025-03-27</subfield>
    <subfield code="w">2025-03-27</subfield>
    <subfield code="y">BOOK</subfield>
  </datafield>
  <datafield tag="952" ind1=" " ind2=" ">
    <subfield code="0">0</subfield>
    <subfield code="1">0</subfield>
    <subfield code="2">ddc</subfield>
    <subfield code="4">0</subfield>
    <subfield code="7">0</subfield>
    <subfield code="a">MASHML</subfield>
    <subfield code="b">MASHML</subfield>
    <subfield code="d">2025-09-16</subfield>
    <subfield code="l">0</subfield>
    <subfield code="o">ZUL 896.398622 VILA</subfield>
    <subfield code="p">33228019366267</subfield>
    <subfield code="r">2025-09-16</subfield>
    <subfield code="w">2025-09-16</subfield>
    <subfield code="y">BOOK</subfield>
  </datafield>
  <datafield tag="952" ind1=" " ind2=" ">
    <subfield code="0">0</subfield>
    <subfield code="1">0</subfield>
    <subfield code="2">ddc</subfield>
    <subfield code="4">0</subfield>
    <subfield code="7">0</subfield>
    <subfield code="8">800</subfield>
    <subfield code="a">MBOMRL</subfield>
    <subfield code="b">MBOML</subfield>
    <subfield code="c">FIC</subfield>
    <subfield code="d">2025-11-10</subfield>
    <subfield code="g">118.99</subfield>
    <subfield code="l">0</subfield>
    <subfield code="o">ZUL 896.3986 VILA</subfield>
    <subfield code="p">33228031031371</subfield>
    <subfield code="r">2025-11-10</subfield>
    <subfield code="w">2025-11-10</subfield>
    <subfield code="y">BOOK</subfield>
  </datafield>
</record>
